Questions historiques - Antiquité - Statistiques

Statistiques générales
  • Ce quiz a été pris 275 fois
  • Le résultat moyen est 9 sur 15
Statistiques - réponses
Questions Réponses % Correct
Quel volcan a recouvert la ville de Pompéi en 79 ? Le Vésuve
84%
Qu'a fait passer Hannibal par les Alpes pour tenter d'envahir l'empire romain ? Des éléphants
80%
Quelle était la nationalité du grand conquérant Alexandre, qui a envahi une grand partie de l'Asie, avant de mourir à seulement 32 ans ? Macédonien
73%
Quel roi des Huns a semé la terreur en Europe au cours du Ve siècle ? Attila
72%
Quel célèbre muraille a été érigée entre -122 et -127 av. J-C par un empereur romain, en Angleterre ? Le mur d'Hadrien
70%
Qui a assassiné son père, qui avait lui envahi la Gaule ? Brutus
69%
Où est né Jésus Christ, en 0 ? Bethléem
57%
Quel évènement nous a fait passer de l'Antiquité au Moyen-Âge ? La chute de l'Empire Romain
57%
Qu'a initié Périclès, le plus célèbre des hommes d'état athénien ? La démocratie
55%
Quelle ville actuelle, sur la côte méditerranéenne, fut fondée par les Phéniciens en -600 av J-C ? Marseille
55%
Lors de quelle siège Vercingétorix a-t-il réussi à repousser César et son armée, en Auvergne ? Gergovie
49%
Quelle tribu goth a pillé Rome en 410 ? Les Wisigoths
45%
Quelle était le nom de la capitale des Gaules ? Lugdunum
41%
Quel port est relié à sa ville par un long couloir fortifié, pour se protéger des perses ou des spartiates ? Le Pirée
31%
Quel empire vénérait des dieux comme Osiris ou Horus ? Empire Egyptien
25%
Aucun quiz correspondant
Distribution des résultats
% des personnes avec chaque résultat
Percentile par nombre de réponses
Votre historique - résultats
Vous n’avez pas pris ce quiz